[Event "2023 US National Elementary K-6 Championship"]
[Site "Baltimore, Maryland, United States"]
[Date "2023.05.14"]
[Round "6.7"]
[White "Das, Aditeya"]
[Black "Chen, Lucas"]
[Result "1/2-1/2"]
[TimeControl "G/90; d10"]
[WhiteElo "2146"]
[BlackElo "1511"]

1. e4 {[%clk 01:30:00]} {[%emt 00:00:03]} c5 {[%clk 01:30:00]} {[%emt
00:00:07]} 2. Nf3 {[%clk 01:30:00]} {[%emt 00:00:07]} e6 {[%clk 01:30:00]}
{[%emt 00:00:05]} 3. d4 {[%clk 01:30:00]} {[%emt 00:00:03]} cxd4 {[%clk
01:30:00]} {[%emt 00:00:04]} 4. Nxd4 {[%clk 01:30:00]} {[%emt 00:00:04]} a6
{[%clk 01:30:00]} {[%emt 00:00:06]} 5. Be3 {[%clk 01:30:00]} {[%emt 00:00:10]}
Nf6 {[%clk 01:29:45]} {[%emt 00:00:25]} 6. f3 {[%clk 01:30:00]} {[%emt
00:00:07]} Qc7 {[%clk 01:29:19]} {[%emt 00:00:35]} 7. c4 {[%clk 01:29:56]}
{[%emt 00:00:15]} d6 {[%clk 01:26:37]} {[%emt 00:02:52]} 8. Nc3 {[%clk
01:29:38]} {[%emt 00:00:29]} Be7 {[%clk 01:24:12]} {[%emt 00:02:35]} 9. Qd2
{[%clk 01:29:18]} {[%emt 00:00:29]} Nbd7 {[%clk 01:23:12]} {[%emt 00:01:10]} 10.
Be2 {[%clk 01:28:29]} {[%emt 00:00:59]} b6 {[%clk 01:19:48]} {[%emt 00:03:34]}
11. g4 {[%clk 01:27:14]} {[%emt 00:01:25]} Ne5 {[%clk 01:12:36]} {[%emt
00:07:20]} 12. g5 {[%clk 01:23:04]} {[%emt 00:04:22]} Nfd7 {[%clk 01:11:53]}
{[%emt 00:00:51]} 13. Rc1 {[%clk 01:20:57]} {[%emt 00:02:19]} Bb7 {[%clk
01:03:13]} {[%emt 00:08:50]} 14. f4 {[%clk 01:20:41]} {[%emt 00:00:26]} Nc6
{[%clk 01:01:46]} {[%emt 00:01:35]} 15. Nxc6 {[%clk 01:18:30]} {[%emt
00:02:22]} Bxc6 {[%clk 01:00:44]} {[%emt 00:01:12]} 16. Rg1 {[%clk 01:15:46]}
{[%emt 00:02:54]} Qb7 {[%clk 00:57:16]} {[%emt 00:03:37]} 17. Bd3 {[%clk
01:12:26]} {[%emt 00:03:31]} Nc5 {[%clk 00:55:21]} {[%emt 00:02:05]} 18. Bxc5
{[%clk 01:04:37]} {[%emt 00:08:00]} dxc5 {[%clk 00:53:43]} {[%emt 00:01:47]} 19.
e5 {[%clk 01:03:03]} {[%emt 00:01:44]} Rd8 {[%clk 00:52:23]} {[%emt 00:01:27]}
20. Qc2 {[%clk 01:02:35]} {[%emt 00:00:40]} g6 {[%clk 00:48:59]} {[%emt
00:03:35]} 21. Kf2 {[%clk 01:01:25]} {[%emt 00:01:18]} Qd7 {[%clk 00:47:07]}
{[%emt 00:02:03]} 22. Be4 {[%clk 00:58:47]} {[%emt 00:02:49]} Qd4+ {[%clk
00:43:15]} {[%emt 00:04:01]} 23. Kf3 {[%clk 00:57:01]} {[%emt 00:01:57]} Bxe4+
{[%clk 00:36:17]} {[%emt 00:07:08]} 24. Nxe4 {[%clk 00:56:43]} {[%emt
00:00:28]} Qd3+ {[%clk 00:35:44]} {[%emt 00:00:43]} 25. Qxd3 {[%clk 00:56:00]}
{[%emt 00:00:53]} Rxd3+ {[%clk 00:35:44]} {[%emt 00:00:03]} 26. Ke2 {[%clk
00:54:20]} {[%emt 00:01:50]} Rd4 {[%clk 00:35:25]} {[%emt 00:00:29]} 27. Ke3
{[%clk 00:54:20]} {[%emt 00:00:10]} O-O {[%clk 00:34:53]} {[%emt 00:00:41]} 28.
Rgd1 {[%clk 00:53:25]} {[%emt 00:01:06]} Rfd8 {[%clk 00:34:38]} {[%emt
00:00:24]} 29. Rxd4 {[%clk 00:53:25]} {[%emt 00:00:10]} Rxd4 {[%clk 00:34:30]}
{[%emt 00:00:17]} 30. b3 {[%clk 00:53:23]} {[%emt 00:00:13]} Kg7 {[%clk
00:32:50]} {[%emt 00:01:46]} 31. Nc3 {[%clk 00:52:05]} {[%emt 00:01:29]} Rd7
{[%clk 00:26:32]} {[%emt 00:06:29]} 32. Rd1 {[%clk 00:51:46]} {[%emt 00:00:30]}
Rxd1 {[%clk 00:23:18]} {[%emt 00:03:24]} 33. Nxd1 {[%clk 00:51:46]} {[%emt
00:00:02]} h6 {[%clk 00:23:06]} {[%emt 00:00:21]} 34. h4 {[%clk 00:51:22]}
{[%emt 00:00:34]} h5 {[%clk 00:23:01]} {[%emt 00:00:15]} 35. Nc3 {[%clk
00:50:52]} {[%emt 00:00:40]} Kf8 {[%clk 00:21:43]} {[%emt 00:01:28]} 36. Na4
{[%clk 00:50:51]} {[%emt 00:00:12]} Bd8 {[%clk 00:21:43]} {[%emt 00:00:08]} 37.
a3 {[%clk 00:50:43]} {[%emt 00:00:19]} a5 {[%clk 00:21:06]} {[%emt 00:00:47]}
38. Kd3 {[%clk 00:50:41]} {[%emt 00:00:11]} Ke8 {[%clk 00:20:31]} {[%emt
00:00:45]} 39. Kc3 {[%clk 00:50:41]} {[%emt 00:00:04]} Kd7 {[%clk 00:20:28]}
{[%emt 00:00:11]} 40. b4 {[%clk 00:50:41]} {[%emt 00:00:05]} axb4+ {[%clk
00:20:11]} {[%emt 00:00:27]} 41. axb4 {[%clk 00:50:26]} {[%emt 00:00:26]} cxb4+
{[%clk 00:20:11]} {[%emt 00:00:10]} 42. Kxb4 {[%clk 00:50:26]} {[%emt
00:00:07]} Kc6 {[%clk 00:20:10]} {[%emt 00:00:09]} 43. Kc3 {[%clk 00:42:45]}
{[%emt 00:07:52]} b5 {[%clk 00:17:44]} {[%emt 00:02:27]} 44. Nb2 {[%clk
00:41:32]} {[%emt 00:01:32]} bxc4 {[%clk 00:17:20]} {[%emt 00:00:34]} 45. Nxc4
{[%clk 00:41:32]} {[%emt 00:00:04]} Be7 {[%clk 00:17:20]} {[%emt 00:00:05]}
1/2-1/2

[Event "2023 US National Elementary K-6 Championship"]
[Site "Baltimore, Maryland, United States"]
[Date "2023.05.14"]
[Round "6.20"]
[White "Weyman, Grant"]
[Black "Yang, Lucas"]
[Result "1-0"]
[TimeControl "G/90; d10"]
[WhiteElo "1557"]
[BlackElo "1760"]

1. e4 {[%clk 01:30:00]} {[%emt 00:00:04]} e6 {[%clk 01:30:00]} {[%emt
00:00:05]} 2. d4 {[%clk 01:29:53]} {[%emt 00:00:15]} d5 {[%clk 01:24:29]}
{[%emt 00:05:42]} 3. exd5 {[%clk 01:29:26]} {[%emt 00:00:39]} exd5 {[%clk
01:24:29]} {[%emt 00:00:07]} 4. Nf3 {[%clk 01:29:26]} {[%emt 00:00:07]} Bd6
{[%clk 01:24:29]} {[%emt 00:00:11]} 5. Bd3 {[%clk 01:29:19]} {[%emt 00:00:11]}
Ne7 {[%clk 01:24:27]} {[%emt 00:00:27]} 6. O-O {[%clk 01:28:51]} {[%emt
00:00:30]} Nbc6 {[%clk 01:24:18]} {[%emt 00:00:13]} 7. c3 {[%clk 01:28:24]}
{[%emt 00:00:38]} Bf5 {[%clk 01:24:13]} {[%emt 00:00:17]} 8. Bg5 {[%clk
01:26:17]} {[%emt 00:02:12]} f6 {[%clk 01:22:09]} {[%emt 00:02:16]} 9. Bh4
{[%clk 01:25:27]} {[%emt 00:01:01]} Qd7 {[%clk 01:21:12]} {[%emt 00:01:08]} 10.
Re1 {[%clk 01:16:27]} {[%emt 00:09:06]} O-O-O {[%clk 01:19:50]} {[%emt
00:01:33]} 11. Na3 {[%clk 01:11:26]} {[%emt 00:05:18]} h5 {[%clk 01:07:34]}
{[%emt 00:12:21]} 12. Bg3 {[%clk 01:04:07]} {[%emt 00:07:25]} g5 {[%clk
01:04:47]} {[%emt 00:02:58]} 13. Bxd6 {[%clk 01:03:09]} {[%emt 00:01:08]} Qxd6
{[%clk 01:04:03]} {[%emt 00:01:10]} 14. Qe2 {[%clk 01:00:58]} {[%emt 00:02:13]}
Bxd3 {[%clk 01:03:44]} {[%emt 00:00:22]} 15. Qxd3 {[%clk 01:00:35]} {[%emt
00:00:29]} h4 {[%clk 01:01:41]} {[%emt 00:02:16]} 16. Qe3 {[%clk 00:58:53]}
{[%emt 00:01:51]} g4 {[%clk 00:59:27]} {[%emt 00:02:23]} 17. Nd2 {[%clk
00:58:39]} {[%emt 00:00:24]} Kb8 {[%clk 00:57:01]} {[%emt 00:02:43]} 18. Nb5
{[%clk 00:55:00]} {[%emt 00:03:43]} Qd7 {[%clk 00:55:33]} {[%emt 00:01:36]} 19.
Qe6 {[%clk 00:54:55]} {[%emt 00:00:18]} f5 {[%clk 00:54:03]} {[%emt 00:01:39]}
20. Qxd7 {[%clk 00:53:46]} {[%emt 00:01:17]} Rxd7 {[%emt 00:00:19]} 21. Re6
{[%clk 00:53:15]} {[%emt 00:00:45]} a6 {[%clk 00:53:32]} {[%emt 00:00:21]} 22.
Na3 {[%clk 00:53:07]} {[%emt 00:00:17]} Rdd8 {[%clk 00:51:19]} {[%emt
00:02:22]} 23. Rae1 {[%clk 00:51:57]} {[%emt 00:01:29]} Nc8 {[%clk 00:51:18]}
{[%emt 00:00:05]} 24. Nc2 {[%clk 00:48:41]} {[%emt 00:03:22]} Nd6 {[%clk
00:51:16]} {[%emt 00:00:15]} 25. Ne3 {[%clk 00:46:57]} {[%emt 00:01:58]} Rhe8
{[%clk 00:46:36]} {[%emt 00:04:47]} 26. Nxd5 {[%clk 00:46:33]} {[%emt
00:01:06]} Rxe6 {[%clk 00:45:43]} {[%emt 00:01:05]} 27. Rxe6 {[%clk 00:46:22]}
{[%emt 00:00:04]} Rf8 {[%clk 00:44:29]} {[%emt 00:01:04]} 28. Ne3 {[%clk
00:44:44]} {[%emt 00:01:46]} Nf7 {[%clk 00:41:58]} {[%emt 00:02:55]} 29. Rf6
{[%clk 00:43:51]} {[%emt 00:00:51]} Ne7 {[%clk 00:40:26]} {[%emt 00:01:52]} 30.
Ndc4 {[%clk 00:42:06]} {[%emt 00:01:45]} Ng8 {[%clk 00:37:05]} {[%emt
00:03:35]} 31. Rxf5 {[%clk 00:42:06]} {[%emt 00:00:10]} Ngh6 {[%clk 00:37:01]}
{[%emt 00:00:13]} 32. Rh5 {[%clk 00:40:24]} {[%emt 00:01:49]} Re8 {[%clk
00:36:05]} {[%emt 00:01:07]} 33. Kf1 {[%clk 00:39:30]} {[%emt 00:01:07]} g3
{[%clk 00:35:35]} {[%emt 00:00:40]} 34. Rxh4 {[%clk 00:34:56]} {[%emt
00:04:42]} gxf2 {[%clk 00:34:49]} {[%emt 00:00:53]} 35. Kxf2 {[%clk 00:34:50]}
{[%emt 00:00:35]} Rf8 {[%clk 00:34:44]} {[%emt 00:00:03]} 36. Rf4 {[%clk
00:34:47]} {[%emt 00:00:07]} Re8 {[%clk 00:33:26]} {[%emt 00:01:28]} 37. Nf5
{[%clk 00:33:50]} {[%emt 00:01:07]} Ng8 {[%clk 00:32:44]} {[%emt 00:01:09]} 38.
Ng7 {[%clk 00:33:46]} {[%emt 00:00:05]} Re7 {[%clk 00:32:39]} {[%emt 00:00:09]}
39. Nf5 {[%clk 00:33:02]} {[%emt 00:00:52]} Re8 {[%clk 00:32:39]} {[%emt
00:00:16]} 40. h4 {[%clk 00:30:37]} {[%emt 00:02:20]} b5 {[%clk 00:32:23]}
{[%emt 00:00:39]} 41. Nce3 {[%clk 00:30:20]} {[%emt 00:00:41]} Rf8 {[%clk
00:32:12]} {[%emt 00:00:21]} 42. Kf3 {[%clk 00:29:44]} {[%emt 00:00:18]} Kc8
{[%clk 00:31:24]} {[%emt 00:00:58]} 43. g4 {[%clk 00:29:36]} {[%emt 00:00:19]}
Kd7 {[%clk 00:31:21]} {[%emt 00:00:37]} 44. g5 {[%clk 00:28:57]} {[%emt
00:00:24]} Nd8 {[%clk 00:31:01]} {[%emt 00:00:30]} 45. Ng7 {[%clk 00:26:08]}
{[%emt 00:02:58]} Rxf4+ {[%clk 00:30:21]} {[%emt 00:00:51]} 46. Kxf4 {[%clk
00:26:04]} {[%emt 00:00:17]} Ne7 {[%clk 00:30:13]} {[%emt 00:00:16]} 47. h5
{[%clk 00:25:51]} {[%emt 00:00:22]} Nf7 {[%clk 00:30:06]} {[%emt 00:00:43]} 48.
Nef5 {[%clk 00:23:53]} {[%emt 00:01:41]} Nd5+ {[%clk 00:29:38]} {[%emt
00:00:40]} 49. Kg4 {[%clk 00:22:58]} {[%emt 00:01:04]} Ne7 {[%clk 00:29:02]}
{[%emt 00:00:47]} 50. g6 {[%clk 00:22:37]} {[%emt 00:00:37]} Nh8 {[%clk
00:28:46]} {[%emt 00:00:21]} 51. Nxe7 {[%clk 00:22:29]} {[%emt 00:00:23]} Kxe7
{[%clk 00:28:46]} 52. Kg5 {[%clk 00:22:20]} {[%emt 00:00:12]} Kf8 {[%clk
00:28:43]} {[%emt 00:00:15]} 53. h6 {[%clk 00:22:15]} {[%emt 00:00:21]} Kg8
{[%clk 00:28:40]} {[%emt 00:00:08]} 54. Kf6 {[%clk 00:22:01]} {[%emt 00:00:21]}
c6 {[%clk 00:28:35]} {[%emt 00:00:15]} 55. h7+ {[%clk 00:21:59]} {[%emt
00:00:22]} Kf8 {[%clk 00:28:35]} 56. Ne6+ {[%clk 00:21:58]} {[%emt 00:00:07]}
Ke8 {[%clk 00:28:35]} {[%emt 00:00:15]} 57. g7 {[%clk 00:21:55]} {[%emt
00:00:04]} c5 {[%clk 00:28:35]} {[%emt 00:00:06]} 58. gxh8=Q+ {[%clk 00:21:11]}
{[%emt 00:00:19]} Kd7 {[%clk 00:28:35]} {[%emt 00:00:47]} 59. Qd8+ {[%clk
00:21:03]} {[%emt 00:00:09]} Kc6 {[%clk 00:28:35]} {[%emt 00:00:32]} 60. h8=Q
{[%clk 00:20:44]} {[%emt 00:00:07]} Kd5 {[%emt 00:01:02]} 1-0

[Event "2023 US National Elementary K-6 Championship"]
[Site "Baltimore, Maryland, United States"]
[Date "2023.05.14"]
[Round "6.5"]
[White "Vedula, Hrishikesh"]
[Black "Amrany, Benjamin"]
[Result "0-1"]
[TimeControl "G/90; d10"]
[WhiteElo "1855"]
[BlackElo "1603"]

1. e4 {[%clk 01:30:00]} c6 {[%clk 01:30:00]} 2. Nf3 {[%clk 01:30:00]} {[%emt
00:00:08]} d5 {[%clk 01:30:00]} 3. Nc3 {[%clk 01:29:59]} Bg4 {[%clk 01:30:00]}
{[%emt 00:00:12]} 4. exd5 {[%clk 01:29:32]} {[%emt 00:00:28]} cxd5 {[%clk
01:30:00]} {[%emt 00:00:20]} 5. d4 {[%clk 01:29:30]} {[%emt 00:00:11]} Nf6
{[%clk 01:29:51]} {[%emt 00:00:09]} 6. Bd3 {[%clk 01:27:52]} {[%emt 00:01:44]}
Nc6 {[%clk 01:29:42]} {[%emt 00:00:18]} 7. Be3 {[%clk 01:27:47]} {[%emt
00:00:15]} e6 {[%clk 01:29:42]} {[%emt 00:00:23]} 8. h3 {[%clk 01:27:36]}
{[%emt 00:00:11]} Bh5 {[%clk 01:28:43]} {[%emt 00:01:06]} 9. O-O {[%clk
01:24:28]} {[%emt 00:03:30]} a6 {[%clk 01:28:12]} {[%emt 00:00:29]} 10. Be2
{[%clk 01:24:06]} {[%emt 00:00:32]} Bd6 {[%clk 01:27:58]} {[%emt 00:00:26]} 11.
Ne1 {[%clk 01:23:13]} {[%emt 00:01:08]} Bg6 {[%clk 01:27:09]} {[%emt 00:00:52]}
12. a3 {[%clk 01:21:14]} {[%emt 00:02:08]} Rc8 {[%clk 01:26:36]} {[%emt
00:00:52]} 13. Nf3 {[%clk 01:18:56]} {[%emt 00:02:19]} Ne7 {[%clk 01:22:14]}
{[%emt 00:04:34]} 14. Bd2 {[%clk 00:53:47]} {[%emt 00:25:20]} Qc7 {[%clk
01:17:24]} {[%emt 00:05:06]} 15. Rc1 {[%clk 00:52:02]} {[%emt 00:01:46]} Nf5
{[%clk 01:14:42]} {[%emt 00:02:55]} 16. Na4 {[%clk 00:44:47]} {[%emt 00:07:23]}
b5 {[%clk 01:11:12]} {[%emt 00:03:39]} 17. Nc3 {[%clk 00:43:17]} {[%emt
00:01:41]} O-O {[%clk 01:09:44]} {[%emt 00:01:41]} 18. a4 {[%clk 00:37:28]}
{[%emt 00:06:08]} b4 {[%clk 01:09:22]} {[%emt 00:00:43]} 19. Nb1 {[%clk
00:37:24]} {[%emt 00:00:04]} Qb6 {[%clk 01:07:50]} {[%emt 00:01:29]} 20. Be1
{[%clk 00:35:48]} {[%emt 00:01:45]} Bf4 {[%clk 01:04:57]} {[%emt 00:03:03]} 21.
Bd2 {[%clk 00:35:48]} {[%emt 00:00:11]} Bb8 {[%clk 01:04:48]} {[%emt 00:00:16]}
22. c3 {[%clk 00:34:06]} {[%emt 00:01:55]} bxc3 {[%clk 01:03:22]} {[%emt
00:01:33]} 23. Bxc3 {[%clk 00:33:36]} {[%emt 00:00:43]} Ne4 {[%clk 01:00:32]}
{[%emt 00:02:58]} 24. Nbd2 {[%clk 00:32:03]} {[%emt 00:01:59]} Qd6 {[%clk
00:58:45]} {[%emt 00:02:15]} 25. Re1 {[%clk 00:30:33]} {[%emt 00:01:06]} Nxf2
{[%clk 00:56:48]} {[%emt 00:02:09]} 26. Kxf2 {[%clk 00:30:21]} {[%emt
00:00:20]} Qg3+ {[%clk 00:56:44]} {[%emt 00:00:47]} 0-1

[Event "2023 US National Elementary K-6 Championship"]
[Site "Baltimore, Maryland, United States"]
[Date "2023.05.14"]
[Round "6.11"]
[White "Guo, Ethan"]
[Black "Liao, Connor"]
[Result "1/2-1/2"]
[TimeControl "G/90; d10"]
[WhiteElo "2103"]
[BlackElo "1750"]

1. e4 {[%clk 01:30:00]} {[%emt 00:00:10]} c5 {[%clk 01:30:00]} {[%emt
00:00:08]} 2. Nf3 {[%clk 01:30:00]} {[%emt 00:00:06]} d6 {[%clk 01:30:00]}
{[%emt 00:00:05]} 3. d4 {[%clk 01:30:00]} {[%emt 00:00:05]} cxd4 {[%clk
01:30:00]} {[%emt 00:00:06]} 4. Nxd4 {[%clk 01:30:00]} {[%emt 00:00:07]} Nf6
{[%clk 01:30:00]} {[%emt 00:00:07]} 5. Nc3 {[%clk 01:30:00]} {[%emt 00:00:06]}
Nc6 {[%clk 01:30:00]} {[%emt 00:00:05]} 6. h3 {[%clk 01:30:00]} {[%emt
00:00:07]} e6 {[%clk 01:29:25]} {[%emt 00:00:45]} 7. Be3 {[%clk 01:29:25]}
{[%emt 00:00:46]} Be7 {[%clk 01:29:25]} {[%emt 00:00:08]} 8. Qd2 {[%clk
01:29:25]} {[%emt 00:00:06]} a6 {[%clk 01:29:25]} {[%emt 00:00:06]} 9. O-O-O
{[%clk 01:29:25]} {[%emt 00:00:06]} Qc7 {[%clk 01:26:33]} {[%emt 00:03:02]} 10.
g4 {[%clk 01:27:58]} {[%emt 00:01:37]} b5 {[%clk 01:21:59]} {[%emt 00:04:44]}
11. Nxc6 {[%clk 01:19:35]} {[%emt 00:08:33]} Qxc6 {[%clk 01:21:59]} {[%emt
00:00:08]} 12. f3 {[%clk 01:18:37]} {[%emt 00:01:08]} Bb7 {[%clk 01:18:37]}
{[%emt 00:03:33]} 13. Bg2 {[%emt 00:02:10]} Nd7 {[%clk 01:15:25]} {[%emt
00:03:20]} 14. f4 {[%clk 01:07:50]} {[%emt 00:08:58]} Nb6 {[%clk 01:05:55]}
{[%emt 00:09:39]} 15. Bd4 {[%clk 00:59:48]} {[%emt 00:08:12]} Nc4 {[%clk
01:02:31]} {[%emt 00:03:34]} 16. Qd3 {[%clk 00:58:36]} {[%emt 00:01:23]} b4
{[%clk 00:36:39]} {[%emt 00:26:02]} 17. Ne2 {[%clk 00:56:09]} {[%emt 00:02:36]}
e5 {[%clk 00:36:09]} {[%emt 00:00:40]} 18. Bf2 {[%clk 00:53:23]} {[%emt
00:02:56]} Rd8 {[%clk 00:30:24]} {[%emt 00:05:55]} 19. Kb1 {[%clk 00:52:01]}
{[%emt 00:01:32]} a5 {[%clk 00:25:35]} {[%emt 00:04:59]} 20. Rhe1 {[%clk
00:47:10]} {[%emt 00:05:01]} a4 {[%clk 00:21:38]} {[%emt 00:04:09]} 21. Qd5
{[%clk 00:46:13]} {[%emt 00:01:06]} Qa6 {[%clk 00:20:25]} {[%emt 00:01:22]} 22.
Qd3 {[%clk 00:46:06]} {[%emt 00:00:17]} Qc6 {[%clk 00:17:37]} {[%emt 00:02:58]}
23. Rc1 {[%clk 00:30:11]} {[%emt 00:16:06]} Ba6 {[%clk 00:13:19]} {[%emt
00:04:28]} 24. Qd5 {[%clk 00:29:53]} {[%emt 00:00:28]} Qc7 {[%clk 00:11:20]}
{[%emt 00:02:08]} 1/2-1/2